| 000 | 00466nam a2200169Ia 4500 | ||
|---|---|---|---|
| 008 | 210719s2016 xx 000 0 und d | ||
| 041 | _akok | ||
| 082 | _a891.462 SERR | ||
| 100 | _aSERAVO (Alvin) | ||
| 245 | _aRagtachi saks: 3 anuvadit natak | ||
| 260 |
_aManglur _bKarnataka Konkani Sahitya Akademy. _c2016 |
||
| 300 |
_aix,198 _bPB |
||
| 365 | _cRs | ||
| 650 | _aKonkani Drama | ||
| 650 | _aKonkani Drama | ||
| 906 | _a3 ; anuvadit ; natak ; Ragtachi ; saks: | ||
| 999 |
_c215687 _d215687 |
||